LEADER 01446nam a2200253 4500 001 000000356893 003 CaOOAMICUS 005 20240123120401.0 008 240123s1873 it 000 u ita r 040 $aSeMil$bita 110 11$aItalia : Ministero della guerra.$0(OLS)http://semarc/name/118989 245 10$aRegolamento di esercizi e di evoluzioni per la cavalleria /$cMinistero della guerra. 264 1$aRoma :$bCarlo Voghera,$c1873- 300 $av. ;$c17 cm 650 4$aEsercito italiano - Cavalleria - Regolamenti.$0(OLS)http://semarc/subject/55008 774 0 $t1. tomo.$dRoma : Carlo Voghera, 1873.$b2. ed. riv. e corretta$w()356894 774 0 $t2. tomo.$dRoma : Carlo Voghera, 1873.$b2. ed. riv. e corretta$w()356895 774 0 $t3. tomo ; colle modificazioni portate coll'Atto n. 8, 20 gennaio 1876.$dRoma : Carlo Voghera, 1878.$b2. ed. riv. e corretta$w()356896 774 0 $tModificazioni al Tomo 2. del Regolamento di esercizi e di evoluzioni per la cavalleria.$dRoma : Carlo Voghera, 1879.$w()356897 774 0 $tAggiunte e varianti al regolamento di esercizi e di evoluzioni per la cavalleria.$dRoma : Carlo Voghera, 1880.$w()356898 774 0 $tAppendice n. 1.$dRoma : Carlo Voghera, 1876.$w()356899 996 $6245$aRegolamento di esercizi e di evoluzioni per la cavalleria$9(OLS)http://semarc/title/447115 996 $6264$aRoma :$bCarlo Voghera$9(OLS)http://semarc/publisher/56031 LEADER 00559nam a2200169 i 4500 001 000000240337 003 CaOOAMICUS 005 20150326000000.0 008 150326s1880 it u000 u fre u 013 $a219242 040 $aSeMil$bita 245 10$aRetraites. 4. 300 $a680 p. 773 0 $tEncyclopédie de la prédication contemporaine.$dMarseille : J. Mingardon, 1885.$g[17$w()31651 850 $aSeMil 852 $aSeMil$W1$xVenegono$y1$m3D V 146 FA$j190683$B190683$CSeMilBibl$Z2$F201528 $8I 996 $6245$aRetraites. 4$9(OLS)http://semarc/title/341898